000
00309nam a22001337a 4500
082
_a
796
_b
MOH/A
100
_a
MOHAN, N
245
_a
A2Z ON INDIAN CRICKET
260
_a
ALUVA
_b
PEN BOOKS
_c
2003
300
_a
248
520
_a
THE COMPLTE INFORMATION ON INDIAN CRICKET
650
_a
SPORTS
_z
INDIA
942
_c
BK
999
_c
6250
_d
6250